Every Class 1 Florida Senator - Statistics

General Stats
  • This quiz has been taken 41 times
  • The average score is 9 of 16
Answer Stats
Picture Hint Answer % Correct
D(2001-2019) Bill Nelson
100%
R(2019-) Rick Scott
100%
R(1989-2001) Connie Mack III
88%
D(1971-1989) Lawton Chiles
88%
D(1845-1851) David Levy Yulee
63%
D(1917-1936) Park Trammell
63%
D(1946-1971) Spessard L. Holland
63%
D(1875-1887) Charles W. Jones
50%
R(1869-1875) Abijah Gilbert
38%
D(1868-1869) Adonijah S. Welch
38%
D(1936-1946) Charles O. Andrews
38%
D(1899-1911) James P. Taliaferro
38%
D(1911-1917) Nathan P. Bryan
38%
D(1887-1899) Samuel Pasco
38%
D(1936-1936) Scott M. Loftin
38%
D(1851-1868) Stephen R. Mallory
38%
No matching quizzes found
Score Distribution
Percent of People with Each Score
Percentile by Number Answered
Your Score History
You have not taken this quiz